النظام العالمى الجديد: (رقم التسجيلة. 110914)

تفاصيل مارك
000 -LEADER
fixed length control field 011670am a2200265 004500
003 - CONTROL NUMBER IDENTIFIER
control field EG-GiCUC
008 - FIXED-LENGTH DATA ELEMENTS--GENERAL INFORMATION
fixed length control field 081224s2003 sj a g 000 0 ara d
040 ## - CATALOGING SOURCE
Original cataloging agency EG-GiCUC
Language of cataloging ara
Transcribing agency EG-GiCUC
043 ## - GEOGRAPHIC AREA CODE
Geographic area code n*us***
-- f*sj***
050 #4 - LIBRARY OF CONGRESS CALL NUMBER
Classification number E183.8. S73
Item number I86
092 04 - LOCALLY ASSIGNED DEWEY CALL NUMBER (OCLC)
Classification number 327.730624
Item number I83
Edition number 21
099 ## - LOCAL FREE-TEXT CALL NUMBER (OCLC)
Classification number 04
-- 327.730624 I83
100 1# - MAIN ENTRY--PERSONAL NAME
Personal name اسماعيل : مصطفى عثمان :
Dates associated with a name 1955-
245 12 - TITLE STATEMENT
Title النظام العالمى الجديد:
Remainder of title قوة القانون ام قانون القوة/
Statement of responsibility, etc. مصطفى عثمان اسماعيل
250 ## - EDITION STATEMENT
Edition statement ط1
260 ## - PUBLICATION, DISTRIBUTION, ETC.
Place of publication, distribution, etc. السودان:
Name of publisher, distributor, etc. دار الاصالة للصحافة والنشر والانتاج الاعلامى:
Date of publication, distribution, etc. 2003
300 ## - PHYSICAL DESCRIPTION
Extent 196ص:
Other physical details ايض(بعضها لو)؛
Dimensions 24سم
651 #7 - SUBJECT ADDED ENTRY--GEOGRAPHIC NAME
Geographic name السودان
General subdivision العلاقات الخارجية
Chronological subdivision الولايات المتحدة الامريكية
Source of heading or term qrmak
651 #7 - SUBJECT ADDED ENTRY--GEOGRAPHIC NAME
Geographic name الولايات المتحدة الامريكية
General subdivision العلاقات الخارجية
Geographic subdivision السودان
Source of heading or term qrmak
902 ## - LOCAL DATA ELEMENT B, LDB (RLIN)
No. of Items 1
905 ## - LOCAL DATA ELEMENT E, LDE (RLIN)
Cataloger جيهان
Reviser مراجع
905 ## - LOCAL DATA ELEMENT E, LDE (RLIN)
Cataloger رضا
Reviser مدخل
942 ## - ADDED ENTRY ELEMENTS (KOHA)
Source of classification or shelving scheme Dewey Decimal Classification
Koha item type Books
المقتنيات
Source of classification or shelving scheme Not for loan Home library Current library Date acquired Full call number Barcode Date last seen Copy number Koha item type
Dewey Decimal Classification   المكتبة المركزبة الجديدة - جامعة القاهرة قاعة الكتب - الدور الثاني 11.02.2024 327.730624 I83 01000100119307000 23.09.2023 C.1 Books
Cairo University Libraries Portal Implemented & Customized by: Eng. M. Mohamady Contacts: new-lib@cl.cu.edu.eg | cnul@cl.cu.edu.eg
CUCL logo CNUL logo
© All rights reserved — Cairo University Libraries
CUCL logo
Implemented & Customized by: Eng. M. Mohamady Contact: new-lib@cl.cu.edu.eg © All rights reserved — New Central Library
CNUL logo
Implemented & Customized by: Eng. M. Mohamady Contact: cnul@cl.cu.edu.eg © All rights reserved — Cairo National University Library